Advanced analytical dynamics : (Record no. 88968)

MARC details
000 -LEADER
fixed length control field 00619nam a22001937a 4500
005 - DATE AND TIME OF LATEST TRANSACTION
control field 20141013111728.0
010 ## - LCCN (DPL NO)
LC control number ENG-110943
020 ## - INTERNATIONAL STANDARD BOOK NUMBER
International Standard Book Number 9789383420278
Terms of availability 300.00
035 ## - SYSTEM CONTROL NUMBER
System control number EN-94475
037 ## - SOURCE OF ACQUISITION
Source of stock number/acquisition DBAD/PUB
082 ## - DEWEY DECIMAL CLASSIFICATION NUMBER
Classification number 531.01515
100 ## - MAIN ENTRY--PERSONAL NAME
Personal name Chatterjee, Utpal
245 ## - TITLE STATEMENT
Title Advanced analytical dynamics :
Statement of responsibility, etc by Utpal Chatterjee
Remainder of title dynamics of particle /
260 ## - PUBLICATION, DISTRIBUTION, ETC. (IMPRINT)
Place of publication, distribution, etc Kolkata
Name of publisher, distributor, etc Academic Publishers
Date of publication, distribution, etc 2014
270 ## - ADDRESS
Address 5A, Bhawani Dutta Lane
City Kolkata
Postal code 700073
300 ## - PHYSICAL DESCRIPTION
Extent viii,443p.
Dimensions 24cm(pbk)
500 ## - GENERAL NOTE
General note Includes bibliographical references and index
942 ## - ADDED ENTRY ELEMENTS (KOHA)
Source of classification or shelving scheme Dewey Decimal Classification
Item type English Books
Call number suffix CHA
Classification part 531.01515
Holdings
Withdrawn status Lost status Not for loan Collection code Home library Current library Date acquired Source of acquisition Cost, normal purchase price Full call number Barcode Copy number Cost, replacement price Koha item type
    Not For Loan Non-fiction D.B.Act.Division D.B.Act.Division 25/09/2014 DBAD/PUB 300.00 531.01515 CHA EN-94475 1 300.00 English Books

© Delhi Public Library
Hit Counter
free hit counter